<?xml version="1.0" encoding="UTF-8"?>
<collection xmlns="http://www.loc.gov/MARC21/slim">
 <record>
  <leader>02879aam a22003378a 4500</leader>
  <controlfield tag="001">NCT_14722</controlfield>
  <controlfield tag="008">100504s2010                  ||||||viesd</controlfield>
  <datafield tag="999" ind1=" " ind2=" ">
   <subfield code="c">703</subfield>
   <subfield code="d">703</subfield>
  </datafield>
  <datafield tag="020" ind1=" " ind2=" ">
   <subfield code="c">17000</subfield>
  </datafield>
  <datafield tag="082" ind1="0" ind2="4">
   <subfield code="2">23rd ed.</subfield>
   <subfield code="a">531.076</subfield>
   <subfield code="b">B312</subfield>
  </datafield>
  <datafield tag="100" ind1="1" ind2=" ">
   <subfield code="a">Lương Duyên Bình</subfield>
   <subfield code="e">Chủ biên</subfield>
  </datafield>
  <datafield tag="245" ind1="1" ind2="0">
   <subfield code="a">Bài tập vật lí đại cương :</subfield>
   <subfield code="b">Biên soạn theo chương trình của Bộ Giáo dục và Đào tạo ban hành năm 1990 : Dùng cho các trường đại học các khối công nghiệp, công trình, thuỷ lợi, giao thông vận tải</subfield>
   <subfield code="n">Tập 2</subfield>
   <subfield code="p">Điện - Dao động - Sóng</subfield>
   <subfield code="c">Lương Duyên Bình (chủ biên), Nguyễn Hữu Hồ, Lê Văn Nghĩa, Nguyễn Quang Sính</subfield>
  </datafield>
  <datafield tag="250" ind1=" " ind2=" ">
   <subfield code="a">Tái bản lần thứ 18</subfield>
  </datafield>
  <datafield tag="260" ind1=" " ind2=" ">
   <subfield code="a">H.</subfield>
   <subfield code="b">Giáo dục</subfield>
   <subfield code="c">2012</subfield>
  </datafield>
  <datafield tag="300" ind1=" " ind2=" ">
   <subfield code="a">156tr.</subfield>
   <subfield code="b">hình vẽ, bảng</subfield>
   <subfield code="c">21cm</subfield>
  </datafield>
  <datafield tag="520" ind1="3" ind2=" ">
   <subfield code="a">Tóm tắt công thức và bài tập tự giải về các phần trường tĩnh điện, vật dẫn - tụ điện, điện môi, từ trường, hiện tượng cảm ứng điện từ, các tính chất từ của các chất, trường điện từ, dao động, sóng cơ và sóng điện từ</subfield>
  </datafield>
  <datafield tag="653" ind1=" " ind2=" ">
   <subfield code="a">Khoa học cơ bản</subfield>
  </datafield>
  <datafield tag="700" ind1="1" ind2=" ">
   <subfield code="a">Nguyễn Hữu Hồ</subfield>
  </datafield>
  <datafield tag="700" ind1="1" ind2=" ">
   <subfield code="a">Lê Văn Nghĩa</subfield>
  </datafield>
  <datafield tag="700" ind1="1" ind2=" ">
   <subfield code="a">Nguyễn Quang Sính</subfield>
  </datafield>
  <datafield tag="942" ind1=" " ind2=" ">
   <subfield code="2">ddc</subfield>
   <subfield code="c">BK</subfield>
  </datafield>
  <datafield tag="952" ind1=" " ind2=" ">
   <subfield code="0">0</subfield>
   <subfield code="1">0</subfield>
   <subfield code="2">ddc</subfield>
   <subfield code="4">0</subfield>
   <subfield code="6">531_076000000000000_B312</subfield>
   <subfield code="7">0</subfield>
   <subfield code="9">5298</subfield>
   <subfield code="a">000001</subfield>
   <subfield code="b">000001</subfield>
   <subfield code="d">2017-12-02</subfield>
   <subfield code="o">531.076 B312</subfield>
   <subfield code="p">MD.03837</subfield>
   <subfield code="r">2017-12-02</subfield>
   <subfield code="v">17000.00</subfield>
   <subfield code="w">2017-12-02</subfield>
   <subfield code="y">BK</subfield>
  </datafield>
  <datafield tag="952" ind1=" " ind2=" ">
   <subfield code="0">0</subfield>
   <subfield code="1">0</subfield>
   <subfield code="2">ddc</subfield>
   <subfield code="4">0</subfield>
   <subfield code="6">531_076000000000000_B312</subfield>
   <subfield code="7">0</subfield>
   <subfield code="9">5299</subfield>
   <subfield code="a">000001</subfield>
   <subfield code="b">000001</subfield>
   <subfield code="d">2017-12-02</subfield>
   <subfield code="o">531.076 B312</subfield>
   <subfield code="p">MD.03838</subfield>
   <subfield code="r">2017-12-02</subfield>
   <subfield code="v">17000.00</subfield>
   <subfield code="w">2017-12-02</subfield>
   <subfield code="y">BK</subfield>
  </datafield>
  <datafield tag="952" ind1=" " ind2=" ">
   <subfield code="0">0</subfield>
   <subfield code="1">0</subfield>
   <subfield code="2">ddc</subfield>
   <subfield code="4">0</subfield>
   <subfield code="6">531_076000000000000_B312</subfield>
   <subfield code="7">0</subfield>
   <subfield code="9">5300</subfield>
   <subfield code="a">000001</subfield>
   <subfield code="b">000001</subfield>
   <subfield code="d">2017-12-02</subfield>
   <subfield code="o">531.076 B312</subfield>
   <subfield code="p">MD.03839</subfield>
   <subfield code="r">2017-12-02</subfield>
   <subfield code="v">17000.00</subfield>
   <subfield code="w">2017-12-02</subfield>
   <subfield code="y">BK</subfield>
  </datafield>
  <datafield tag="952" ind1=" " ind2=" ">
   <subfield code="0">0</subfield>
   <subfield code="1">0</subfield>
   <subfield code="2">ddc</subfield>
   <subfield code="4">0</subfield>
   <subfield code="6">531_076000000000000_B312</subfield>
   <subfield code="7">0</subfield>
   <subfield code="9">5301</subfield>
   <subfield code="a">000001</subfield>
   <subfield code="b">000001</subfield>
   <subfield code="d">2017-12-02</subfield>
   <subfield code="o">531.076 B312</subfield>
   <subfield code="p">MD.03840</subfield>
   <subfield code="r">2017-12-02</subfield>
   <subfield code="v">17000.00</subfield>
   <subfield code="w">2017-12-02</subfield>
   <subfield code="y">BK</subfield>
  </datafield>
  <datafield tag="952" ind1=" " ind2=" ">
   <subfield code="0">0</subfield>
   <subfield code="1">0</subfield>
   <subfield code="2">ddc</subfield>
   <subfield code="4">0</subfield>
   <subfield code="6">531_076000000000000_B312</subfield>
   <subfield code="7">0</subfield>
   <subfield code="9">5302</subfield>
   <subfield code="a">000001</subfield>
   <subfield code="b">000001</subfield>
   <subfield code="d">2017-12-02</subfield>
   <subfield code="o">531.076 B312</subfield>
   <subfield code="p">MD.03841</subfield>
   <subfield code="r">2017-12-02</subfield>
   <subfield code="v">17000.00</subfield>
   <subfield code="w">2017-12-02</subfield>
   <subfield code="y">BK</subfield>
  </datafield>
  <datafield tag="952" ind1=" " ind2=" ">
   <subfield code="0">0</subfield>
   <subfield code="1">0</subfield>
   <subfield code="2">ddc</subfield>
   <subfield code="4">0</subfield>
   <subfield code="6">531_076000000000000_B312</subfield>
   <subfield code="7">0</subfield>
   <subfield code="9">5303</subfield>
   <subfield code="a">000001</subfield>
   <subfield code="b">000001</subfield>
   <subfield code="d">2017-12-02</subfield>
   <subfield code="o">531.076 B312</subfield>
   <subfield code="p">MD.03842</subfield>
   <subfield code="r">2017-12-02</subfield>
   <subfield code="v">17000.00</subfield>
   <subfield code="w">2017-12-02</subfield>
   <subfield code="y">BK</subfield>
  </datafield>
  <datafield tag="952" ind1=" " ind2=" ">
   <subfield code="0">0</subfield>
   <subfield code="1">0</subfield>
   <subfield code="2">ddc</subfield>
   <subfield code="4">0</subfield>
   <subfield code="6">531_076000000000000_B312</subfield>
   <subfield code="7">0</subfield>
   <subfield code="9">5304</subfield>
   <subfield code="a">000001</subfield>
   <subfield code="b">000001</subfield>
   <subfield code="d">2017-12-02</subfield>
   <subfield code="o">531.076 B312</subfield>
   <subfield code="p">MD.03843</subfield>
   <subfield code="r">2018-10-29</subfield>
   <subfield code="v">17000.00</subfield>
   <subfield code="w">2017-12-02</subfield>
   <subfield code="y">BK</subfield>
  </datafield>
  <datafield tag="952" ind1=" " ind2=" ">
   <subfield code="0">0</subfield>
   <subfield code="1">0</subfield>
   <subfield code="2">ddc</subfield>
   <subfield code="4">0</subfield>
   <subfield code="6">531_076000000000000_B312</subfield>
   <subfield code="7">0</subfield>
   <subfield code="9">5305</subfield>
   <subfield code="a">000001</subfield>
   <subfield code="b">000001</subfield>
   <subfield code="d">2017-12-02</subfield>
   <subfield code="o">531.076 B312</subfield>
   <subfield code="p">MD.03844</subfield>
   <subfield code="r">2018-05-28</subfield>
   <subfield code="v">17000.00</subfield>
   <subfield code="w">2017-12-02</subfield>
   <subfield code="y">BK</subfield>
  </datafield>
  <datafield tag="952" ind1=" " ind2=" ">
   <subfield code="0">0</subfield>
   <subfield code="1">0</subfield>
   <subfield code="2">ddc</subfield>
   <subfield code="4">0</subfield>
   <subfield code="6">531_076000000000000_B312</subfield>
   <subfield code="7">0</subfield>
   <subfield code="9">5306</subfield>
   <subfield code="a">000001</subfield>
   <subfield code="b">000001</subfield>
   <subfield code="d">2017-12-02</subfield>
   <subfield code="o">531.076 B312</subfield>
   <subfield code="p">MD.03845</subfield>
   <subfield code="r">2017-12-02</subfield>
   <subfield code="v">17000.00</subfield>
   <subfield code="w">2017-12-02</subfield>
   <subfield code="y">BK</subfield>
  </datafield>
  <datafield tag="980" ind1=" " ind2=" ">
   <subfield code="a">Thư viện Trường Đại học Nam Cần Thơ</subfield>
  </datafield>
 </record>
</collection>
